| 000 | 00893cam a2200265 a 4500 | ||
|---|---|---|---|
| 003 | UPN | ||
| 005 | 20240305063737.0 | ||
| 008 | 191126s2019 mx ao dr 000 0 spa d | ||
| 020 | _a9786075511917 | ||
| 035 | _aUPN01000234333 | ||
| 040 |
_aMX-MxUPN _bspa _cMX-MxUPN |
||
| 050 | 4 |
_aLB1584 _bM61 2019 LM |
|
| 245 | 0 | 0 |
_aFormación cívica y ética : _blibro para el maestro : telesecundaria : primer grado |
| 250 | _aSegunda edición | ||
| 260 |
_aMéxico : _bSEP, Dirección General de Materiales Educativos , _c2019. |
||
| 300 |
_a142 páginas : _bilustraciones, fotografías |
||
| 490 | 0 | _aTelesecundaria | |
| 500 | _a"Ciclo escolar 2019-2020". | ||
| 650 | 4 |
_aCivismo _xEstudio y enseñanza (Secundaria) _91512 |
|
| 650 | 7 |
_91511 _aÉtica _xEstudio y enseñanza (Secundaria) |
|
| 650 | 4 |
_aTelesecundaria _96411 |
|
| 905 | _aLibro | ||
| 942 |
_2lcc _cLIBRO |
||
| 999 |
_c206428 _d206428 |
||